| Tag |
First Indicator |
Second Indicator |
Subfields |
| LEADER |
00000cam a2200000 4500 |
| 001 |
in00001908271 |
| 006 |
m | d | |
| 007 |
cr |n||||||||n |
| 008 |
810811s1717 enk|||| s 00||||eng d |
| 005 |
20260406222725.3 |
| 035 |
|
|
|a (CStRLIN)ESTCT127723
|
| 040 |
|
|
|a Uk-ES
|c Uk-ES
|d CStRLIN
|d Thomson Gale
|d UtOrBLW
|
| 100 |
1 |
|
|a Fletcher, John,
|d 1579-1625.
|
| 245 |
1 |
4 |
|a The double marriage :
|b A tragedy. Written by Mr. Francis Beaumont, and Mr. John Fletcher.
|
| 264 |
|
3 |
|a London :
|b printed for J.T. And sold by J. Brown,
|c 1717.
|
| 300 |
|
|
|a 68p. ;
|c 4⁰.
|
| 336 |
|
|
|a text
|b txt
|2 rdacontent
|
| 337 |
|
|
|a computer
|b c
|2 rdamedia
|
| 338 |
|
|
|a online resource
|b cr
|2 rdacarrier
|
| 500 |
|
|
|a In fact attributed to John Fletcher and Philip Massinger.
|
| 500 |
|
|
|a Reproduction of original from the British Library.
|
| 510 |
4 |
|
|a English Short Title Catalog,
|c ESTCT127723.
|
| 533 |
|
|
|a Electronic reproduction.
|b Farmington Hills, Mich. :
|c Thomson Gale,
|d 2003.
|n Available via the World Wide Web.
|n Access limited by licensing agreements
|7 s2003 miunns
|
| 500 |
|
|
|a Electronic resource.
|
| 700 |
1 |
|
|a Beaumont, Francis,
|d 1584-1616.
|
| 830 |
|
0 |
|a Eighteenth century collections online.
|
| 856 |
4 |
0 |
|u http://proxy.library.tamu.edu/login?url=https://galenet.galegroup.com/servlet/ECCO?c=1&stp=Author&ste=11&af=BN&ae=T127723&tiPG=1&dd=0&dc=flc&docNum=CW116311166&vrsn=1.0&srchtp=a&d4=0.33&n=10&SU=0LRK&locID=txshracd2898
|z Full text online
|t 0
|
| 999 |
|
|
|a MARS
|
| 999 |
f |
f |
|s 58374406-7bd0-376a-bf6a-59dbddcf1b9b
|i 2b7331f0-5765-34b5-accc-c71047db54fa
|t 0
|
| 952 |
f |
f |
|a Texas A&M University
|b College Station
|c Electronic Resources
|s www_evans
|d Available Online
|t 0
|h No information provided
|
| 998 |
f |
f |
|t 0
|l Available Online
|